| 000 | 01142nam a2200313 i 4500 | ||
|---|---|---|---|
| 001 | 186105 | ||
| 003 | SpMaBN | ||
| 005 | 20251201193359.0 | ||
| 008 | 160908s1964 sp |||| |dspa d | ||
| 080 | _a821.124'02-31"00/01" | ||
| 245 | 0 | 3 |
_aLa novela romana / _ctraducción, estudios preliminares y notas de Juan B. Bergua. |
| 246 | 3 | 4 |
_iEn cub. _aLa Luciada / Loukianos |
| 260 |
_aMadrid : _bClásicos Bergua, _c[1964] |
||
| 300 |
_a695 p. ; _c17 cm. |
||
| 490 | 1 |
_aTesoro literario ; _v10 |
|
| 505 | 8 |
_aContiene: ; _tBreve historia de la novela romana ; _tEl satiricón / _rPetronio. -- _tLa metamorfosis (El asno de oro) / _rApuleyo. -- _tLucio o El asno / _rLoukianos |
|
| 700 | 1 |
_aPetronio Arbitro, Cayo. _991550 |
|
| 700 | 1 |
_aApuleyo, Lucio. _922131 |
|
| 700 | 0 |
_aLuciano de Samosata. _974580 |
|
| 700 | 1 |
_aBergua, Juan B., _d1892-1991 _928018 |
|
| 740 | 3 | 2 | _aEl satiricón. |
| 740 | 3 | 2 | _aLa metamorfosis. |
| 740 | 3 | 2 | _aEl asno de oro. |
| 740 | 0 | 2 | _aLucio. |
| 740 | 3 | 2 | _aEl asno. |
| 830 | 0 |
_aTesoro literario ; _v10 _9184264 |
|
| 852 |
_aES-MaACL _jL-30654 _z. - Donat. Miguel A. Velasco |
||
| 999 |
_c186105 _d186105 |
||